US Cities That Are Lesser Known - Statistics

General Stats
  • This quiz has been taken 28 times
  • The average score is 17 of 50
Answer Stats
Clue State City % Correct
Shares its name with the place where Napoleon was defeated IA Waterloo
100%
The Bills play football in this city that borders Lake Erie NY Buffalo
70%
Most populous city in the state, located on the Red River ND Fargo
61%
Port city on the west coast of Lake Superior MN Duluth
57%
Yale University is located in this city CT New Haven
57%
The most populous American city that starts with a "Q" MA Quincy
57%
Largest city in its state, was first colonized by the Swedes DE Wilmington
52%
Located at the meeting point of the Red River and the Texas Trail, third largest city in its state LA Shreveport
48%
Wernher Von Braun helped design the Saturn V rocket in this city AL Huntsville
43%
Shares its name with a Middle Eastern country OR Lebanon
43%
Also the name of the lost colony in North Carolina VA Roanoke
43%
Shares a metro area with Gulfport, population decreased after Hurricane Katrina struck MS Biloxi
39%
On the east shorelines of Lake Champlain, largest city in its state VT Burlington
39%
Across the Delaware River from Philadelphia NJ Camden
39%
Bill Clinton was born here AR Hope
39%
Has a well-known military correctional facility KS Leavenworth
39%
This city was named after Meriwether Lewis and is located at the confluence of the Clearwater and Snake Rivers ID Lewiston
39%
Known as the "Horse Capital of the World" KY Lexington
39%
Located on Aquidneck Island and hosts the America Cup, a sailing regatta RI Newport
39%
This city means "flat" when translated from Spanish to English TX Plano
39%
Located on the east slopes of the Black Hills SD Rapid City
39%
The final destination for General William Sherman's March to the Sea GA Savannah
39%
The first capital of its state, first settled in 1786 TN Knoxville
35%
Located in the southwest portion of the state near its border with Mexico, also America's sunniest city AZ Yuma
35%
Stagecoach station on the Pony Express, became a boomtown in 1906 due to copper being discovered NV Ely
30%
Where John Brown attempted to start a raid and slave revolt, part of Virginia at the time WV Harpers Ferry
30%
Joe Biden was born in this city PA Scranton
30%
Capital of Russian America AK Sitka
30%
Truth or ____________ NM Truth or Consequences
30%
Where John Denver got inspiration for his song "Starwood in _____" CO Aspen
26%
Located on the Kern River, many Dust Bowl refugees settled here CA Bakersfield
26%
This city is home to the Kellogg and Post corporations MI Battle Creek
26%
Sit-ins took place here in 1960 in response to racial segregation NC Greensboro
26%
County seat of Bay County, was hit particularly hard by Hurricane Michael FL Panama City
26%
One of the Quad Cities, also the county seat of Rock Island County IL Rock Island
26%
Known for Cedar Point Amusement Park, on the shores of Lake Erie OH Sandusky
26%
Located on the Penobscot River, know for its paper and pulp industry ME Bangor
22%
City in between the Vancouver (BC) and Seattle metro areas, county seat of Whatcom County WA Bellingham
22%
Arches and Canyonlands National Parks are located near this city UT Moab
22%
Nicknamed the "Queen City of the Ozarks", located just north of Branson MO Springfield
22%
The main campus of Purdue University is located in this city IN West Lafayette
22%
This state's most populous city on the Mississippi River WI La Crosse
17%
Butch Cassidy worked as a butcher in this small city WY Rock Springs
17%
Also a term used to describe an accident regarding nuclear weapons OK Broken Arrow
13%
Vacation city just south of Glacier National Park, airport code is FCA MT Kalispell
13%
Resort city on the Atlantic Coast, has a notable boardwalk MD Ocean City
13%
BMW has a manufacturing plant in this city SC Spartanburg
13%
The US Army Corps of Engineers Cold Regions Research and Engineering Laboratory is located in this city along the Connecticut River NH Hanover
9%
Most populous city in the island of Kauai HI Lihue
9%
Railroad town located on I-80, partly named for the river that it borders NE North Platte
9%
No matching quizzes found
Score Distribution
Percent of People with Each Score
Percentile by Number Answered
Your Score History
You have not taken this quiz